00918nam a22001937a 4500003000800000008004100008037000800049040003500057041000800092080001200100100003200112245017100144260008200315300002300397500017900420650007300599655002300672700002900695BI-BuBU260330b2025 bd fr|||| 000 0 fre d bdon aBI-BuBUbfrecBI-BuBUdBI-BuBU0 afre a519.2481 4aut.aKwizera, Dia Carmelle10aMéthodes statistiques pour le contrôle de la qualité en présence d'erreurs de mesurebCas de MUSUMBA STEELc Dia Carmelle Kwizera; Amin shaka Aunali,directeur aBujumburabUniversité du Burundi, Institut de Statistique Appliquéec2025 aXIII-84 f.c30 cm. aMémoire présente et soutenu publiquement en vue de l'obtention du diplôme de master en Probabilité,Statistique et Modelisation parcours : Probabilité et statistique 72BI-BuBUaQualitéxcontrôlexMéthode statistiquezMUSUMBA STEEL 72BI-BuBUaMémoire1 4dir.ashaka Aunali Amin